000 00336nam a2200133Ia 4500
005 20251222143206.0
008 251222s9999||||xx |||||||||||||| ||spa||
020 _a978-88-86440-34-9
082 _a455.03/N71P/Ej.2
100 _aNocchi, Susanna
245 0 _aGrammatica Pratica della Lingua Italiana:
264 _bAlma
942 _cLIB
999 _c13252
_d13252